000 01582nam0a22003371 4500
001 rc\3529238
005 20260406224325.0
021 _aRU
_b[72-30488]
035 _a(NLR Aleph) 007664653
090 _a6369332
_c6369332
100 _a20130115d1972 |||y0rusy50 ca
101 0 _arus
102 _aRU
105 _aa b |||||
200 1 _a[Каталог
_fПредисл. М. Габитовой]
_gМ-во культуры КазССР. Союз художников Казахстана. Персон. выставка произведений Р.В. Великановой
210 _aАлма-Ата
_cБ. и.
_d1972
215 _a17 с., 4 л. ил.
_d17
225 1 _a50 лет творческой деятельности
532 1 3 _aКаталог
606 _aКазахская советская живопись
_xВыставки
_z1972
_yАлма-Ата
_2psbo
606 _aКазахская советская графика
_xВыставки
_z1972
_yАлма-Ата
_2psbo
606 _aРусская советская графика
_xВыставки
_z1972
_yАлма-Ата
_2psbo
606 _aРусская советская живопись
_xВыставки
_z1972
_yАлма-Ата
_2psbo
702 1 _aГабитова
_bМ.
_4080
710 1 0 _aВеликанова,
_gРегина Васильевна
_hВыставка произведений
_f1972
_eАлма-Ата
_3RU\NLR\AUTH\889979952
_9456223
801 0 _aRU
_bNLR
_gpsbo
801 1 _aRU
_bELAR
_2rusmarc
852 _aNLR
_bЭ
_jКП/В272
942 _cBOOK
980 _aNB